| 000 | 00482nam a2200205Ia 4500 | ||
|---|---|---|---|
| 008 | 170918s9999 xx 000 0 und d | ||
| 020 | _a590463802 | ||
| 050 | _bH513 1989 | ||
| 100 | _aHenkes, Kevin | ||
| 245 | _aJessica : | ||
| 245 | _bcan your best friend be imaginary? | ||
| 245 | _cKevin Henkes. | ||
| 260 | _aNew York : | ||
| 260 | _bScholastic, | ||
| 260 | _c1989 | ||
| 300 | _aunpaged : | ||
| 300 | _bcolored illustration ; | ||
| 300 | _c23cm. | ||
| 500 | _a590 | ||
| 999 |
_c341685 _d341685 |
||